| 000 | 00599nam a2200121Ia 4500 | ||
|---|---|---|---|
| 008 | 171212s9999 xx 000 0 und d | ||
| 020 | _a9780833084552 | ||
| 100 | _aGroves, David G.;Fischbach, Jordan R.;Knopman, Debra;Johnson, David R.;Giglio, Kate | ||
| 245 |
_cGroves, David G.;Fischbach, Jordan R.;Knopman, Debra;Johnson, David R.;Giglio, Kate _aStrengthening Coastal Planning _bHow Coastal Regions Could Benefit from Louisiana’s Planning and Analysis Framework |
||
| 260 |
_bRAND Corporation _c2014 |
||
| 650 | _aEnvironmental Science | ||
| 856 | _uhttp://www.jstor.org/stable/10.7249/j.ctt6wq8n9 | ||
| 999 |
_c352578 _d352578 |
||